| 000 | 00986cam a2200229 4500 | ||
|---|---|---|---|
| 001 | L158923 | ||
| 008 | 051206n2015 000 0 eng u | ||
| 020 | _a9781848064270 | ||
| 035 | _a(Sirsi) u158923 | ||
| 041 | 0 | _aeng | |
| 100 | 1 | _aKukadia, Vina | |
| 245 | 0 | 0 | _aDesigning to reduce the chemical, biological and radiological vulnerability of new buildings |
| 260 |
_aWatford _bBRE _c2015 |
||
| 300 |
_a12p. _bill. _c30cm. |
||
| 490 | 0 |
_aBRE Information Paper _v IP 7/15 |
|
| 520 | _aConsiders ventilation and infiltration as prime routes for the ingress of external contaminants into buildings. It provides an overview of some existing design standards, methods and practices to reduce chemical, bilogical and radiological (CBR) releases, that may be further reviewed and implemented at the design stage without adding significantly to costs. | ||
| 650 | 2 | 4 | _aVENTILATION |
| 651 | 4 | _aENGLAND AND WALES | |
| 690 |
_aEnvironment _96238 |
||
| 700 | 1 | _aAbela, Alan | |
| 942 | _n0 | ||
| 999 |
_c115588 _d115588 |
||